Game Of Thrones : Sansa - Statistiques

Statistiques générales
  • Ce quiz a été pris 644 fois
  • Le résultat moyen est 13 sur 16
Statistiques - réponses
Informations recherchées Réponses % Correct
Soeur Arya Stark
98%
Frère Robb Stark
96%
Frère Bran Stark
95%
Maison Stark
95%
Blason Un Loup Géant gris sur champ de neige
94%
Père Eddard Stark
93%
Mari Tyrion Lannister
91%
Mari Ramsey Bolton
90%
Frère Rickon Stark
89%
Mère Catelyn Stark
87%
Devise L'Hiver vient
87%
Titre(s) Reine du Nord / Lady de Winterfell / Princesse
82%
Acteur Sophie Turner
76%
Alias Lady Stark / Petite Colombe / Petit Oiseau
31%
Religion Ancien Dieux / Foi des Sept
30%
Fiancé Joeffrey Baratheon
17%
Aucun quiz correspondant
Distribution des résultats
% des personnes avec chaque résultat
Percentile par nombre de réponses
Votre historique - résultats
Vous n’avez pas pris ce quiz